| 000 | 00601nam a2200181 a 4500 | ||
|---|---|---|---|
| 001 | 000042346 | ||
| 005 | 20201002040108.0 | ||
| 008 | 131127s2000 sp ab 000 0 spa d | ||
| 020 | _a8481562807 | ||
| 040 |
_aDO-SdBNP _bspa _cBNPHU |
||
| 082 |
_axxx _bxxx |
||
| 245 | 0 | 0 |
_aEl Arte Mudéjar : _bla estética islámica en el arte cristiano. |
| 260 |
_a[Madrid] : _bElecta, _c2000. |
||
| 300 |
_a318 p. : _bil., mapas ; _c22 cm. |
||
| 490 | 1 | _aArte islámico en el mediterráneo | |
| 500 | _aCiclo Internacional de Exposiciones Museo sin Fronteras. | ||
| 830 | 0 |
_aArte islámico en el mediterráneo _969412 |
|
| 999 |
_c41835 _d41835 |
||